OPAC Home

මනොරථපූරණී. අඟොත්තරනිකායාර්ථකථාව (Record no. 84161)

MARC details
000 -LEADER
fixed length control field 00536nam a2200169Ia 4500
003 - CONTROL NUMBER IDENTIFIER
control field LK-CoDNM
005 - DATE AND TIME OF LATEST TRANSACTION
control field 20240226131332.0
008 - FIXED-LENGTH DATA ELEMENTS--GENERAL INFORMATION
fixed length control field 010623t1895 xxu||||| |||| 00| 1 Pali d
040 ## - CATALOGING SOURCE
Original cataloging agency LK-CoDNM
Modifying agency LK-CoDNM
Description conventions LK-CoDNM
041 ## - LANGUAGE CODE
Language code of text/sound track or separate title
080 ## - UNIVERSAL DECIMAL CLASSIFICATION NUMBER
Universal Decimal Classification number 104 U20
942 ## - ADDED ENTRY ELEMENTS (KOHA)
Koha item type Books
245 ## - TITLE STATEMENT
Title මනොරථපූරණී. අඟොත්තරනිකායාර්ථකථාව
246 ## - VARYING FORM OF TITLE
Title proper/short title Manorathapuurani. Angottharanikaayaartha Kathava.Part IV
260 ## - PUBLICATION, DISTRIBUTION, ETC. (IMPRINT)
Name of publisher, distributor, etc. Sathyasamuchchaya
Place of publication, distribution, etc. Colombo
Date of publication, distribution, etc. 1895
300 ## - PHYSICAL DESCRIPTION
Other physical details Damaged
Extent 79p., 21 cm
Holdings
Withdrawn status Lost status Damaged status Not for loan Collection code Permanent Location Current Location Date acquired Full call number Barcode Koha item type
        Monographs Library National Museum Colombo - Sri Lanka Library National Museum Colombo - Sri Lanka 2023-08-02 104 U20 OB1328-3 Books
Copyright © 2023 Department of National Museum, Colombo 07, Sri Lanka Funded by UNESCO IFAP UNESCO